000 00845nam a2200241Ia 4500
003 OSt
005 20220918221154.0
006 a|||||r|||| 00| 0
007 ta
008 220917b |||||||| |||| 00| 0 eng d
024 _a148,580
037 _cTextual
040 _aARTS
_cARTS
_beng
041 _2eng
_aeng
082 _aTb4aN6, K6
110 _aNational Association For Foreign Student Affairs And Institute Of International Education (United States)
_9139403
245 0 _aResearch in international education
_b research in progress and research recently completed 1965-66 survey
260 _c1966
650 _aEDUCATION
700 _aNational Association For Foreign Student Affairs And Institute Of International Education (United States)
_9139404
942 _hTb4aN6, K6
_cTEXL
_2CC
999 _c271257
_d271257